Animals should definitely not wear clothing / (Record no. 4494)

MARC details
000 -LEADER
fixed length control field 00964nam a22002897a 4500
001 - CONTROL NUMBER
control field 4494
003 - CONTROL NUMBER IDENTIFIER
control field FISKH
005 - DATE AND TIME OF LATEST TRANSACTION
control field 20250801144708.0
008 - FIXED-LENGTH DATA ELEMENTS--GENERAL INFORMATION
fixed length control field 240912b cb ||||| |||| 00| 0 eng d
020 ## - INTERNATIONAL STANDARD BOOK NUMBER
International Standard Book Number 0590447394
040 ## - CATALOGING SOURCE
Original cataloging agency FISKH
Language of cataloging eng
Transcribing agency FISKH
Modifying agency FISKH
050 ## - LIBRARY OF CONGRESS CALL NUMBER
Classification number PN6231.A5
082 ## - DEWEY DECIMAL CLASSIFICATION NUMBER
Classification number 818.5402
100 ## - MAIN ENTRY--PERSONAL NAME
Personal name Barrett, Judi
Relator term author
245 ## - TITLE STATEMENT
Title Animals should definitely not wear clothing /
Statement of responsibility, etc. Written by Judi Barrett and drawn by Ron Barrett
250 ## - EDITION STATEMENT
Edition statement First Scholastic printing, February 1991
260 ## - PUBLICATION, DISTRIBUTION, ETC.
Place of publication, distribution, etc. New York :
Name of publisher, distributor, etc. Scholastic ;
Date of publication, distribution, etc. 1970 .
300 ## - PHYSICAL DESCRIPTION
Extent 31 unnumbered pages :
Other physical details color illustrations ;
Dimensions 22 cm .
505 ## - FORMATTED CONTENTS NOTE
Formatted contents note G <br/>
520 ## - SUMMARY, ETC.
Summary, etc. Pictures of animals wearing clothes show why this would be a ridiculous custom for them to adopt.
521 8# - TARGET AUDIENCE NOTE
Target audience note 350 <br/>
Source Lexile estimate <br/>
521 8# - TARGET AUDIENCE NOTE
Target audience note G <br/>
Source Raz-Plus <br/>
650 ## - SUBJECT ADDED ENTRY--TOPICAL TERM
Topical term or geographic name entry element animals
Form subdivision fiction
700 ## - ADDED ENTRY--PERSONAL NAME
Personal name Barrett, Ron
Relator term illustrator
942 ## - ADDED ENTRY ELEMENTS (KOHA)
Source of classification or shelving scheme Dewey Decimal Classification
Koha item type Books
Suppress in OPAC No
Holdings
Withdrawn status Lost status Source of classification or shelving scheme Damaged status Not for loan Collection Home library Current library Shelving location Date acquired Total Checkouts Full call number Barcode Date last seen Date last checked out Copy number Price effective from Koha item type
    Dewey Decimal Classification     Juvenile Fiction Footprints International School Library Network Toul Tom Poung Campus Footprints International School Library Network Toul Tom Poung Campus TTP Primary Green Bookshelves 09/12/2024 1 BAR 818.5402 PN6231.A5 FIS05410 02/26/2026 01/29/2026 1 09/12/2024 Books
    Dewey Decimal Classification     Juvenile Fiction Footprints International School Library Network Toul Tom Poung Campus Footprints International School Library Network Toul Tom Poung Campus TTP Primary Green Bookshelves 08/01/2025   BAR 818.5402 PN6231.A5 FISTK01813 08/01/2025   2 08/01/2025 Books